000 00363nam a2200157 4500
001 46016
090 _a46016
100 _a20260421 pory50
101 _apor
102 _aPT
200 _aNa Estrada para Bagdad
_fGüneli Gün
_gtrad. José Vieira de Lima
210 _aPorto
_cAsa
_d1996
215 _a427 p.
675 _a82-31
801 _aPT
_gRPC
990 _cLIVROS